[Event "CZE-ch"]
[Site "Zlin"]
[Date "1998.06.19"]
[Round "7"]
[White "Vokac, Marek"]
[Black "Pisk, Petr"]
[Result "1-0"]
[WhiteElo "2510"]
[BlackElo "2310"]
[Annotator "Mikhalevski,V"]
[PlyCount "157"]
[EventDate "1998.06.13"]
[EventType "tourn"]
[EventRounds "11"]
[EventCountry "CZE"]
[EventCategory "9"]
[SourceTitle "CBM 066"]
[Source "ChessBase"]
[SourceDate "1998.09.30"]
[SourceVersion "1"]
[SourceVersionDate "1998.09.30"]
[SourceQuality "1"]

1. c4 e6 2. Nf3 d5 3. b3 Nf6 4. Bb2 c6 5. g3 Nbd7 6. Bg2 Bd6 7. d4 Ne4 8. O-O
O-O 9. Nbd2 (9. Qc2 f5 10. Ne5 Qf6 11. f3 Nxe5 12. fxe4 Ng4 13. e5 Qh6 14. h3
Ne3 15. Qd3 Nxf1 16. exd6 Ne3 17. Bc1 f4 18. gxf4 Nxg2 19. Kxg2 Rf6 20. Nc3 Qh4
21. Qf3 e5 22. dxe5 Bxh3+ {0-1 Foisor,C-Wegerer,F/Open, Cappelle la Grande FRA
1998}) 9... f5 {transposes to "Stonewall"} 10. Ne5 (10. Qc2 Qe7 11. Rac1 (11.
Ne5 Nxd2 12. Qxd2 Nxe5 13. dxe5 Bb4 14. Qd3 Ba3 15. Bxa3 Qxa3 16. e3 Kh8 17.
Rfc1 b6 18. Qd4 c5 $2 19. Qh4 $16 {Notaros,K-Vucinic,P/JUG-chT 1993/1-0 (62)})
11... b6 12. Ne5 Nxe5 13. dxe5 Bc5 14. e3 Nxd2 15. Qxd2 Bb7 16. Rfd1 Rfd8 17.
Qe2 Rd7 18. Rc2 Ba6 19. Qd2 Bb4 20. Bc3 Ba3 21. Bb2 Bb4 $11 {1/2-1/2 Gausel,
E-Lyrberg,P/Arnold Cup 1993 (43)}) (10. Ne1 b6 11. Nd3 Bb7 12. f3 Nxd2 13. Qxd2
dxc4 14. bxc4 c5 15. d5 e5 16. a4 Ba6 17. Qc3 Qe7 18. e4 f4 19. Bh3 fxg3 20.
hxg3 Qg5 21. Kg2 Nf6 22. Qc1 Qg6 23. Bf5 Qe8 24. Be6+ Kh8 25. Nxe5 Bc8 26. Bxc8
Rxc8 27. Qc3 Nh5 28. f4 Rf6 29. Rf3 Qe7 30. Rh1 {1-0 Anastasian,A-Vouldis,A/
Katerini op 1992}) (10. e3 Ndf6 (10... b6 11. Ne1 Ba6 12. Rc1 Qe7 13. Nd3 Rac8
14. Nf3 Qe8 15. Re1 $14 {0-1 Gausel,E-Fyllingen,R/NOR-ch 1993 (40)}) 11. a3 Bd7
12. c5 Bc7 13. b4 Qe7 14. Qe2 Be8 15. Rfc1 a6 16. a4 Bh5 17. Qf1 g5 18. Qd3 Qg7
19. Ne5 Nxd2 20. Qxd2 Ne4 21. Bxe4 $2 fxe4 22. b5 Bxe5 23. dxe5 Bf3 $17 {
0-1 Karcher,J-Zimmermann,P/OLBaden 1992 (37)}) (10. Nxe4 fxe4 11. Ne5 (11. Ne1
Nf6 12. f3 Bd7 13. fxe4 Nxe4 14. Rxf8+ Qxf8 15. Bxe4 dxe4 16. Qc2 Qf5 17. e3
Rf8 18. Qg2 e5 19. Nc2 exd4 20. Nxd4 Qg6 21. Rf1 Rxf1+ 22. Kxf1 Qh5 $15 {
0-1 Reti,R-Vajda,A/Semmering 1926 (27)}) 11... Nxe5 12. dxe5 Bc5 13. Bd4 Bxd4
14. Qxd4 b6 15. Rad1 Qe7 16. Qe3 Ba6 17. Rd2 Rac8 18. Rc1 Qa3 19. Rcd1 Rc7 20.
Bh3 Bc8 21. f3 $14 {1/2-1/2 Grant,J-Gerstner,W/Badenweiler op 1994 (40)}) 10...
Qg5 (10... Nxe5 11. dxe5 Bc5 12. Rc1 (12. cxd5 exd5 13. e3 Qe7 14. Nf3 Bd7 15.
a3 Be8 16. b4 Bb6 17. Ne1 a5 18. Nd3 axb4 19. axb4 Rxa1 20. Bxa1 Bf7 21. Qc2
Rd8 22. Rc1 Ng5 23. Nf4 Be6 24. Bd4 $14 {1-0 Rivas Pastor,M-Rodriguez Talavera,
J/Ceuta 1992 (39)}) (12. Nf3 f4 13. Bd4 Ba3 14. Qc2 b6 15. cxd5 cxd5 16. Bb2
Bxb2 17. Qxb2 Bd7 18. Rac1 Rc8 $11 {Yoffie,M-Halfdanarsson,J/WchTJ U26 1968/
0-1 (82)}) 12... Qb6 13. Nxe4 fxe4 14. e3 Bd7 15. Qc2 Be7 16. Bh3 Qd8 17. Qc3
Bc8 18. Qd4 Qe8 19. f3 exf3 20. Bg4 c5 21. Qd3 dxc4 22. Rxc4 Bd7 23. Rf4 Rd8
24. Qc2 Qg6 25. Qxg6 hxg6 26. Rd1 Bc8 27. Rxf8+ Kxf8 28. Rxd8+ Bxd8 {1/2-1/2
Moizhess,I-Kosyrev,V/Moscow-ch 1996}) (10... Nxd2 11. Qxd2 Nf6 12. Rac1 dxc4
13. Nxc4 Bc7 14. Rfd1 Nd5 15. e3 $14 {1-0 Maccioni Seisdedos,A-Kesten,S/
Dubrovnik olm 1950 (46)}) 11. f4 {with intention to change two pairs of
knights and to use slightly better pawn structure.} (11. Ndf3 $5 {[%cal Ge5d3]}
) 11... Qe7 12. Nxe4 fxe4 13. Nxd7 Bxd7 14. e3 b5 15. a4 $6 {[%csl Rb4] weaken
"b4"square without any necessity.} (15. c5 $5 Bc7 16. b4 a5 $140 17. a4 $1)
15... bxc4 16. bxc4 Rfb8 17. Bc3 Bb4 18. Bb2 a5 $1 19. Rf2 Bc8 {[%cal Gc8a6]}
20. Rc2 Bd6 {[%cal Gb8b3]} 21. Bf1 Rb3 22. Bc1 $11 Qb7 23. Raa2 Rb8 24. Rcb2
Bd7 25. c5 Bc7 26. Rxb3 Qxb3 27. Qxb3 Rxb3 28. Rb2 Rxb2 29. Bxb2 {This
slightly better for White endgame should be drawn if Black just waits and
doesn't create weaknesses in his camp.} Bc8 {preventing Ba6} 30. Bc3 g6 {
It wasn't necessary to move any pawn at least while White is creating a single
threat.} 31. Be2 h5 $6 {see previous comment.All these pawn moves help to open
the position that is obviously in the White's favour.} 32. Be1 Bd8 33. g4 {
This move has become essential after 31...h5?!.White is starting to open
kinside for his bishops.} hxg4 34. Bxg4 Kf7 35. Be2 Kg7 36. Kg2 Kf7 $6 {
allow White to increase winning chances by changing another pawn.} (36... Bb7
$5 37. h4 $140 {[%cal Gh4h5]} Kh6 $11 {and White has no chances to break
through.}) (36... Kh7 $5) (36... Kh6 $5) 37. h4 {[%cal Gh4h5]} Kg7 {[%cal
Gg7h6]} 38. h5 {Otherwise Black would play Kh6} Kh6 39. hxg6 Kxg6 40. Bg4 Kf7 {
Leaves "h5" square for the White's bishop.} ({The simpliest defence was} 40...
Bd7 {.Now only White's plan can be Kh3 and then Bh4.After this change Black
can put his king on "e7" and wait with his bishop Bd7-c8 preventing B:e6 while
White's king is situated on "g6" and White's bishop on "h3" or "g4".If White's
bishop comes from "e2" or "f1" Black waits on squares "b7" and "c8".In any
case White can't make any progress.}) 41. Bh5+ Kf8 42. Be2 {"h5" square is
still not very essential and Black can permit to himself take a walk.} Kg7 43.
Bg3 Kg6 44. Bg4 Bd7 45. Kh3 Bc8 46. Be1 Kf7 {see previous comment.} (46... Bd7
{is simplier.}) 47. Bh5+ Kf8 48. Be2 Kf7 49. Bf2 Kg6 50. Bg3 Be7 51. Bg4 Bd7
52. Kg2 Bd8 53. Kf2 Bc8 54. Ke1 Bd7 55. Kd2 Bc8 56. Be2 Kh6 57. Bf1 Kg6 58. Bh3
Kh6 59. Ke1 Kg6 60. Kf2 Kf7 61. Bg4 Ba6 $6 {White has put Black to sleep.} ({
Why not} 61... Kg6 {and Black can sleep quietly.}) 62. Bh5+ (62. f5 {is not
dangerous as after} exf5 63. Bxf5 Ke8 {[%cal Ga6c4,Gc4b3] Black is threatening
to win "a4" pawn and White has to bring his bishop back on "d1".}) 62... Ke7 $2
{This is already a big step to precipice.} ({After} 62... Kf8 {Black out of
any danger.}) 63. Bh4+ Kd7 64. Bg5 $1 Bc4 65. Bd1 $1 {[%cal Gf2g3,Gg3h4,Gh4h5,
Gh5g6,Gg6f7] Finally White is threating to bring his king closer to "e6" pawn
that is the only real weakness in the Black's camp.} Bc7 66. Kg3 Bd3 $2 {
Black continue to sleep.} (66... Ke8 $1 67. Kh4 Kf7 68. Kh5 Kg7 {was necessary}
) 67. Kg4 Bf1 ({Now} 67... Ke8 {is refuted by} 68. Kh5 Kf7 69. Kh6 Bc4 70. Bh5+
Kf8 71. Kg6 Bb3 72. Bg4 $1 (72. Kf6 Bd8+ 73. Kxe6 Bxg5 74. fxg5 Kg7 $8 75. Be8
Bxa4 76. Kd6 Bb5 77. Bxc6 Bxc6 78. Kxc6 a4 79. Kxd5 a3 80. c6 a2 81. c7 a1=Q
82. c8=Q $18) 72... Bxa4 73. Bxe6 {[%csl Rf8] and Black is hopeless.}) 68. Bf6
$1 (68. Kh5 Bg2 $1 69. Kg6 $2 Bf3 $1 $11) 68... Bd8 (68... Bg2 $2 69. Be2 $1
Ke8 70. Kg3 Bh1 (70... Bf3 71. Bxf3 exf3 72. Kxf3 Kf7 73. Be5 Bd8 74. Bb8 $1 {
[%csl Ra5][%cal Gb8a7,Ga7b6]} Bh4 75. Ke2 $1 Bd8 76. Ba7 $18) 71. Bh5+ $1 Kd7 (
71... Kf8 72. Be5 $1 Bd8 73. Bd6+ $1 Be7 (73... Kg7 74. Be8) 74. Bc7) 72. Kh2
Bf3 73. Bxf3 exf3 74. Kg3 {[%cal Gg3f3,Gf3g4,Gg4h5,Gh5g6,Gg6f7] and White wins
putting Black in Zugzwang by bringing his king to "f7".If Black prevents it
playing Kd7-e8-f7 then Be5-b8-a7-b6 decides.}) 69. Kg5 Bc7 $2 {Probably the
decisive mistake.} (69... Bg2 $3 70. Bh5 $3 (70. Bxd8 Kxd8 {[%cal Gd8e7]} 71.
Kf6 (71. Bg4 Ke7 $11) 71... Bf3 $1 72. Bc2 Kd7 $11) (70. Bg4 Bf3 71. Bxd8 (71.
Bxe6+ Kxe6 72. Bxd8 Kf7 $1 (72... Bd1 $2 73. Kg6) 73. Bxa5 Bd1 $11) 71... Kxd8
(71... Bxg4 $2 72. Kxg4 Kxd8 73. Kg5 Ke7 74. Kg6 Ke8 75. Kf6 Kd7 76. Kf7 $18)
72. Kh4 $1 {[%cal Gg4e6,Gg4f3] is interesting but not enough.} (72. Bxe6 $2 {
is dangerous in view of following variation} Bd1 73. Kf6 Bxa4 74. Kg7 (74. f5
Bd1) 74... Bd1 75. Bh3 a4 76. f5 a3 77. f6 Bh5 78. Bg4 Be8 $1 $19 (78... a2 $4
79. Bxh5 a1=Q 80. f7 Qg1+ 81. Bg6 $18)) 72... Bxg4 $8 73. Kxg4 Ke7 74. Kg5 Kf7
75. f5 e5 $1 (75... Ke7 76. fxe6 Kxe6 77. Kg6 Ke7 78. Kg7 Ke6 79. Kf8 Kf5 80.
Ke7 Kg4 81. Kd6 Kf3 82. Kxc6 Kxe3 83. Kxd5 Kd3 84. c6 e3 85. c7 e2 86. c8=Q
e1=Q 87. Qa6+ Kc2 88. Qc4+ $16 {and White has good chanses to win.}) 76. dxe5
d4 $1 77. e6+ Ke8 $1 (77... Ke7 $2 78. f6+ $1 Kxe6 79. Kg6 dxe3 80. f7 e2 81.
f8=Q e1=Q 82. Qd6#) 78. f6 dxe3 79. Kg6 e2 80. Kg7 e1=Q 81. f7+ Ke7 82. f8=Q+
Kxe6 83. Qd6+ Kf5 84. Qf6+ Kg4 85. Qxc6 $11) 70... Bf3 71. Bxd8 Kxd8 (71...
Bxh5 $4 72. Kxh5 Kxd8 73. Kg6 Ke7 74. Kg7 Ke8 75. Kf6 Kd7 76. Kf7 $18) 72. Kh4
$3 Bg2 (72... Bh1 $5) 73. Be2 $1 {Suddenly Black bishop is in trap,but
unfortunately pawn ending with an exra pawn is drawn.For example} Ke7 74. Kg3
Bh1 75. Kh2 Bf3 76. Bxf3 exf3 77. Kg3 Kf6 78. Kxf3 Kf5 (78... Kf7 $5) 79. Kf2 (
79. e4+ {doesn't help} dxe4+ 80. Ke3 Kg6 $1 81. Kxe4 Kf6 {and White can't win.}
) 79... Kg6 (79... Kf6 $5) (79... Ke4 $4 80. Ke2 Kf5 81. Kf3 {Now it's Black
to move and White wins.} Kf6 (81... Kg6 82. Kg4 Kf6 83. f5 $1 exf5+ 84. Kf4 Ke6
85. Kg5 Ke7 86. Kxf5 Kf7 87. e4 dxe4 88. Kxe4 Ke6 89. d5+ cxd5+ 90. Kd4 $18)
82. e4 {[%cal Ge4d5]} dxe4+ 83. Kxe4 Kf7 84. f5 Kf6 85. fxe6 Kxe6 86. d5+ cxd5+
87. Kd4 Ke7 88. Kxd5 Kd7 89. c6+ Kc8 90. Kc4 Kd8 91. Kb5 Kc7 92. Kc5 Kc8 93.
Kb6 $18) 80. Kg2 Kf6 81. Kg3 Kf7 $1 {Kg4 has to be met with Kg6} (81... Kg7 $5)
82. Kf3 (82. Kh4 Kf6) (82. Kg4 Kg6 $11) 82... Kg7 $1 {[]} (82... Kf6 $4 83. e4)
(82... Kg6 $4 83. Kg4 Kf6 84. f5 exf5+ 85. Kf4 $18) (82... Ke7 $4 83. Kg4 {
[%cal Gf4f5]} Kf6 84. f5 exf5+ 85. Kf4 $18) 83. e4 dxe4+ 84. Kxe4 Kf6 85. Ke3
Kf5 86. Kf3 Kg6 {Ke4 has to be met by Kf6.} 87. Kg4 Kf6 {and White can't make
any progress.It means that Black could survive by playing 69...Bg2!! instead
of 69...Bc7?}) 70. Kg6 Bh3 (70... Bg2 {doesn't help} 71. Bg4 Bf3 72. Bh3 $1 Bd1
73. Kf7 Bh5+ (73... Kc8 74. Kxe6 $1 Bxa4 75. Ke7+ Kb7 76. Bh4 $1 Bd1 77. f5 a4
78. f6 Bh5 79. Bg4 Bg6 80. Bd1 a3 81. Bb3 {and White wins}) 74. Kf8 {[%cal
Gf4f5]} Bg6 75. Bg4 $1 Bb8 76. Be5 $1 Ba7 (76... Bxe5 77. fxe5 $22) 77. Bd6 $22
) 71. Kf7 {[%cal Gf7f8,Yd1h5,Yh5e8]} Bd8 72. Bg5 $6 (72. Bxd8 $1 {was simplier
as Bishop ending is winning for White.} Kxd8 73. Bh5 Bf5 74. Kf8 Kd7 75. Be8+
Kc7 76. Ke7 Bg4 77. Bd7 Bd1 78. Bxe6 Bxa4 79. f5 Bd1 80. f6 Bh5 81. Bg4 Bg6 82.
Bd1 $18) 72... Bc7 73. Kf8 {[%cal Gd1h5,Gh5e8]} Kc8 74. Bh5 Bf1 (74... Bd8 75.
Be8 $1 $18) (74... Bf5 75. Ke7 Bh3 76. Bf7 Bd8+ 77. Kd6 {and White wins.}) 75.
Bg4 Bd3 76. Bxe6+ Kb7 77. f5 Bc2 78. Kg7 Bxa4 79. f6 1-0

[Event "Vlissingen HZ op 02nd"]
[Site "Vlissingen"]
[Date "1998.07.15"]
[Round "5"]
[White "Mikhalevski, Victor"]
[Black "Ikonnikov, Vyacheslav"]
[Result "1-0"]
[WhiteElo "2540"]
[BlackElo "2555"]
[Annotator "Mikhalevski,V"]
[PlyCount "67"]
[EventDate "1998.07.??"]
[EventType "swiss"]
[EventRounds "7"]
[EventCountry "NED"]
[SourceTitle "CBM 066"]
[Source "ChessBase"]
[SourceDate "1998.09.30"]
[SourceVersion "1"]
[SourceVersionDate "1998.09.30"]
[SourceQuality "1"]

1. d4 Nf6 2. c4 e6 3. g3 Bb4+ 4. Nd2 d5 5. Bg2 O-O 6. Ngf3 Nbd7 7. O-O c6 8.
Qc2 Be7 {a little bit strange line as Black gets well-known position without
tempo.} 9. e4 b6 10. Ng5 $5 {[%csl Rd5,Rh7] I didn't find something cruchial.}
(10. e5 {was the simplest way to get advantage.} Ne8 11. cxd5 cxd5 $14) 10...
h6 11. Nh3 {[%cal Ge4e5] /\e5} (11. exd5 {Unfortunately leads only to equality.
} exd5 12. cxd5 cxd5 13. Bxd5 (13. Nh3 $5 {[%csl Rd5]}) 13... Rb8 14. Bxf7+ $1
Rxf7 15. Ne6 Qe8 16. Nc7 $11) 11... dxe4 $1 12. Nxe4 Bb7 13. Nc3 $5 $146 {
I decided to keep knights as it could complicate defence in view of White's
space advantage.} (13. Rd1 Nxe4 14. Qxe4 Rb8 15. Bf4 c5 16. Qe2 Bxg2 17. Kxg2
Rb7 18. d5 exd5 19. Rxd5 Qe8 20. Re1 Nf6 21. Re5 Qc6+ 22. Qf3 Qxf3+ 23. Kxf3
Bd6 24. R5e3 {1/2-1/2 Urban,K-Grabarczyk,M/POL-ch 1997}) 13... Bd6 (13... e5 $5
) 14. Be3 Qc7 15. Rab1 {[%cal Gb2b4] /\b4,><b7} e5 16. b4 exd4 17. Bxd4 a6 {
[%csl Gb5][%cal Gc6c5]} (17... Rfe8 $5) 18. Na4 $1 {[%cal Gc4c5] /\c5} Be5 19.
Be3 $1 b5 $5 (19... Ng4 20. Bd2 {doesn't yield anything.}) 20. Nc5 ({But not} 
20. cxb5 $6 axb5 21. Nc5 Nxc5 22. Bxc5 Rfe8 {and Black get counterplay along
the a-file.}) 20... Nxc5 21. Bxc5 $14 {[%csl Rb7] ><b7} (21. bxc5 $5) 21...
Rfd8 {[%cal Ga6a5]} 22. a4 $5 {preventing a5.} bxa4 (22... bxc4 23. Qxc4 a5 24.
Rfe1 $14 {[%csl Rb7,Rc6] ><b7;c6}) 23. Qxa4 Nd7 24. Be3 c5 {Otherwise White
would play c4-c5 by himself.But still move in the text doesn't solve all the
problems.} 25. Bxb7 Qxb7 26. bxc5 Qc8 $1 {[%csl Rh3] ><h3} 27. c6 $5 (27. Rfd1
$142 $1 Nxc5 28. Rxd8+ Qxd8 29. Bxc5 Qc8 30. Rb6 (30. Bb6 $5 {[%cal Gc4c5,
Gc5c6]}) 30... Qxc5 31. Rxa6 Rc8 32. Ra8 $14) 27... Nb8 28. Bb6 $1 Re8 (28...
Rf8 $5) 29. c7 {[%cal Ga4e8]} (29. f4 $5 Bc7 30. Nf2 Re6 31. c5 $14) 29... Nd7
(29... Bxc7 $4 30. Bxc7 Qxc7 $2 31. Qxe8+) 30. c5 Bxc7 31. Rfc1 $1 Bxb6 $6 (
31... Bxg3 32. hxg3 Nxb6 33. cxb6 Qxh3 34. b7 Rab8 35. Qxa6 $14) (31... Be5 $5
{[%cal Gd7b6]}) 32. cxb6 Nxb6 $4 {Annoying mistake in a time-trouble.Black has
complitely overlooked 34-th White's move.} (32... Nc5 {was necessary.} 33. Qa5
(33. Qh4 Qf5 $1) 33... Qxh3 34. Rxc5 $16 {[%csl Ra6,Gb6][%cal Gb6b7]}) 33. Rxc8
({But not} 33. Rxb6 $4 Qxc1+) 33... Nxa4 34. Rc4 $1 {[%csl Ra4] Suddenly Black
loses his knight and the game.} 1-0

[Event "ARG-ch"]
[Site "Buenos Aires"]
[Date "1998.04.27"]
[Round "11"]
[White "Sorokin, Maxim"]
[Black "Giaccio, Alfredo Gustavo"]
[Result "1-0"]
[WhiteElo "2575"]
[BlackElo "2460"]
[Annotator "Mikhalevski,V"]
[PlyCount "63"]
[EventDate "1998.04.15"]
[EventType "tourn"]
[EventRounds "15"]
[EventCountry "ARG"]
[EventCategory "9"]
[SourceTitle "CBM 065"]
[Source "ChessBase"]
[SourceDate "1998.08.06"]
[SourceVersion "1"]
[SourceVersionDate "1998.08.06"]
[SourceQuality "1"]

1. Nf3 Nf6 2. c4 e6 3. g3 d5 4. Bg2 c6 5. d4 Bb4+ 6. Bd2 a5 7. Qb3 {A game
between the same opponents continued} (7. Bxb4 axb4 8. Qb3 Qe7 9. O-O O-O 10.
Nbd2 Nbd7 11. Rfc1 b6 12. cxd5 cxd5 13. e3 Ba6 14. Ne1 Nb8 15. Bf1 Bb7 16. Nd3
Nc6 17. Nf3 Ne4 18. Rc2 f6 19. Nd2 Nxd2 20. Rxd2 Ba6 21. Qd1 Na5 22. Rc1 Rfc8
23. Rxc8+ Bxc8 24. Qa4 b3 25. axb3 Bd7 26. Qa1 Bc6 27. Qd1 Bd7 28. Nc1 Qd6 29.
Rc2 Nc6 30. Nd3 g6 31. Qd2 Kg7 {Sorokin,M-Giaccio,A/Najdorf op 1997/1-0 (63)})
(7. a3 Bd6 8. O-O Ne4 9. Qc2 Nd7 10. Nc3 Ndf6 11. c5 Bc7 12. Ne1 h5 13. h4 Nxd2
14. Qxd2 Ng4 15. Nd3 f6 16. f3 Nh6 17. Nf4 Nf5 18. Bh3 Nxg3 19. Nxe6 Bxe6 20.
Qe3 Nxf1 21. Rxf1 Qe7 22. Qxe6 Qxe6 23. Bxe6 Bg3 24. e4 dxe4 25. fxe4 Ke7 26.
Bf5 Bxh4 27. d5 g6 28. d6+ Kf7 29. Bh3 Rhe8 30. Bg2 Bg5 31. Na4 Be3+ {Friesen,
B-Weerheijm,H/Haarlem op 1995/0-1 (41)}) (7. Qc2 Nbd7 8. O-O Qe7 9. Bg5 Bd6 10.
Nc3 h6 11. Bxf6 Nxf6 12. Nd2 O-O 13. Rae1 Bb4 14. a3 Bxc3 15. Qxc3 b6 16. Qb3
Qa7 17. Rc1 a4 18. Qc2 Bb7 19. Rfe1 Rfd8 20. e3 Qa5 21. Nf3 Ne4 22. Ne5 Nd2 23.
cxd5 exd5 24. Rcd1 Nb3 25. Qf5 Rf8 26. Qd7 Bc8 27. Qd6 Bb7 28. Qc7 Ra7 29. Nxc6
Bxc6 30. Qxc6 Rd8 31. Re2 Raa8 {Buscher,M-Papapostolou,C/Porz op27 1991/1-0 
(52)}) 7... Be7 8. O-O O-O 9. Nc3 Nbd7 (9... a4 $5 10. Nxa4 (10. Qc2 dxc4 11.
Nxa4 b5 {see 10.Na4}) 10... dxc4 11. Qc2 b5 (11... Na6 $5 {[%cal Gb7b5]}) (
11... Nbd7 $5 {[%cal Gb7b5]}) 12. Nc5 $13) 10. Rfd1 Re8 (10... b6 $5 {[%cal
Gc8a6]}) (10... a4 11. Qc2 (11. Nxa4 dxc4 12. Qc2 b5 13. Nc3) 11... dxc4 12.
Ne5 Nb6 {was probably slightly better than the game as position of White's
bishop on d2 and Black's rook on f8 is in the Black's favour.}) 11. Bf4 a4 {
Black is starting a concrete play that leads to very intresting complications.}
(11... b6 $5 {[%cal Gc8a6]}) 12. Qc2 (12. Nxa4 {after} dxc4 13. Qxc4 b5 14.
Qxc6 Rxa4 15. Bc7 {[%csl Rd8]} Rc4 $8 16. Qxc4 bxc4 17. Bxd8 Rxd8 {could lead
to a complex endgame.}) 12... dxc4 13. Ne5 $1 {[%cal Ge5c4]} Nb6 (13... Nxe5 $6
14. dxe5 Nd7 15. Ne4 {[%csl Rd6][%cal Ge4d6]} Qc7 16. Nd6 {and White is
clearly better.}) 14. Ne4 {[%cal Ge5c4,Gc2c4] resuming attack on "c4"pawn.} a3
$1 (14... Nfd5 15. Nxc4 Nxf4 16. gxf4 $14) 15. Rab1 $1 (15. bxa3 Rxa3 {[%csl
Ra2]} 16. Nxc4 $11 (16. Ng5 $6 Rf8 17. Ng4 g6)) 15... Nfd5 $5 (15... axb2 16.
Rxb2 (16. Nxf6+ $6 Bxf6 (16... gxf6 17. Nxf7 $1) 17. Nxc4 (17. Rxb2 c3 $1) (17.
Qxb2 c3 $1) 17... Rxa2 18. Nd6 Rf8 19. e4 $5 $44 {[%csl Rb6][%cal Gc2b3,Gb1b2]}
) 16... Nfd5 (16... Nxe4 $2 17. Bxe4 f5 18. Bxc6 $1 (18. Bg2 c3 19. Rb3 Nd5 $13
) 18... bxc6 19. Nxc6 {[%csl Rb6]}) 17. Nxc4 $14) 16. Nxc4 Nb4 (16... Nxc4 $5
17. Qxc4 axb2 18. Rxb2 $14) 17. Qb3 Nxc4 18. Qxc4 axb2 (18... b5 $5 19. Qb3 Nd5
$1 20. Nc5 $140 e5 $1) 19. Rxb2 e5 $1 {[%cal Gd8d1]} (19... Nd5 $5) 20. Bxe5
Be6 21. Qc3 f6 (21... Nxa2 22. Qd2 f6 23. Bf4 {see21...f6}) 22. Bf4 Nxa2 23.
Qd2 $1 {[%csl Ra2][%cal Gd1a1]} b5 24. Ra1 $6 (24. Nc5 $6 Bxc5 25. dxc5 Qxd2
26. Rdxd2 Nb4 $1) (24. h4 $5 {[%cal Gd1a1]}) 24... Bb4 $2 {annoying mistake.} (
24... Nb4 $1 {leads to a good play for Black.} 25. Rxa8 Qxa8 26. Nc3 (26. Rxb4
$2 Qa1+ $1 (26... Bxb4 27. Qxb4 Qa1+ 28. Bf1 Bh3 29. Nd2) 27. Bf1 (27. Qc1
Qxc1+ 28. Bxc1 Bxb4) 27... Bh3 28. Qc1 Qxc1 29. Bxc1 Bxb4 30. Bxh3 Rxe4 $19)
26... Bc4 $1 $11 {[%cal Gb4d5]}) 25. Qc2 {[%csl Ra2][%cal Gc2c6,Gb2a2]} (25.
Rxb4 $2 Nxb4 26. Rxa8 Qxa8 27. Qxb4 Qa1+ 28. Bf1 Bh3 29. Nd2 Rxe2 30. Qb3+ Kh8
31. Qf7 h6 32. Bxh6 $11) 25... Qxd4 (25... Qa5 26. Bd6 $1) 26. Raxa2 $1 $16 (
26. Rbxa2 $2 Qxa1+ 27. Rxa1 Rxa1+ 28. Bf1 Bh3) 26... Rxa2 27. Rxa2 Bxa2 28.
Qxa2+ Kh8 (28... Qd5 $4 29. Nxf6+) 29. h4 h6 {[%csl Re4][%cal Gf6f5,Ge8e4]} 30.
Qc2 $1 f5 $2 (30... Re6 {was necessary}) 31. Qxc6 Rxe4 $2 (31... Rd8) 32. Qc8+
(32. Qc8+ Kh7 33. Qxf5+ $18) 1-0

[Event "Mataro GM 1st"]
[Site "Mataro"]
[Date "2004.12.27"]
[Round "2"]
[White "Comas Fabrego, Luis"]
[Black "Moskalenko, Viktor"]
[Result "1/2-1/2"]
[WhiteElo "2509"]
[BlackElo "2551"]
[Annotator "Mueller,Karsten"]
[PlyCount "120"]
[EventDate "2004.12.26"]
[EventType "tourn"]
[EventRounds "9"]
[EventCountry "ESP"]
[EventCategory "9"]
[SourceTitle "CBM 106"]
[Source "ChessBase"]
[SourceDate "2005.06.06"]
[SourceVersion "1"]
[SourceVersionDate "2005.06.06"]
[SourceQuality "1"]

1. d4 d5 2. g3 c6 3. Bg2 e6 4. c4 Nf6 5. Nf3 Bb4+ 6. Bd2 Bd6 7. O-O Nbd7 8. Nc3
O-O 9. Qc2 dxc4 10. Rad1 Be7 11. Bg5 Nd5 12. Bxe7 Qxe7 13. Ne4 e5 14. Qxc4 exd4
15. Nxd4 N7f6 16. Nc5 Nb6 17. Qc2 Nfd7 18. Ne4 Nf6 19. Qc5 Qxc5 20. Nxc5 a5 21.
Rc1 a4 22. a3 Nbd7 23. Nd3 Re8 24. Rfd1 Kf8 25. Re1 Ne5 26. Nxe5 Rxe5 27. e4
Bd7 28. f4 Ree8 29. e5 Nd5 30. Kf2 Ra5 31. h3 Nc7 32. Red1 Be6 33. Nxe6+ Nxe6
34. Bf1 g5 35. Kf3 gxf4 36. gxf4 f6 37. exf6 Rf5 38. Rc4 Rxf6 39. Kg3 Ng7 40.
Rxa4 Nf5+ 41. Kf2 b5 42. Rb4 Ne3 43. Re1 Rfe6 44. Re2 Nxf1 45. Rxe6 Rxe6 46.
Kxf1 Re3 47. Kg2 Ke7 48. a4 bxa4 49. Rxa4 Rb3 50. Ra7+ Kf6 51. Rxh7 Kf5 $5 {
Activity is the trump card! Aktivität ist Trumpf!} 52. Rf7+ Ke4 53. h4 Rxb2+
54. Kg3 Rb1 55. Re7+ Kf5 56. Re5+ Kg6 57. h5+ (57. Rc5 Rf1 (57... Rb5 $2 58.
Rxb5 cxb5 59. Kf3 $18 {loses, because the white pawns protect each other. ist
verloren, weil sich die weißen Bauern gegenseitig decken.}) 58. Rxc6+ Kf5 59.
Rc5+ (59. h5 Rf3+ $11) 59... Kg6 {is a known draw. ist bekanntermaßen remis.})
57... Kh6 58. Rc5 Rb5 $1 (58... Rb6 $6 59. Kg4 Rb1 {may still be a draw, but
is clearly less comfortable. ist zwar immer noch remis, aber deutlich
unbequemer.}) 59. Rxc6+ (59. Rxb5 cxb5 60. Kf3 Kxh5 $11) 59... Kxh5 60. Kf3 Rb4
1/2-1/2

[Event "Leningrad-ch56"]
[Site "Leningrad"]
[Date "1983.01.??"]
[Round "?"]
[White "Polovodin, Igor A"]
[Black "Aseev, Konstantin N"]
[Result "1/2-1/2"]
[WhiteElo "2435"]
[BlackElo "2315"]
[Annotator "Nesis,G/Fedorov,VI"]
[PlyCount "41"]
[EventDate "1983.01.??"]
[EventType "tourn"]
[EventRounds "17"]
[EventCountry "URS"]
[SourceTitle "EXT 2006"]
[Source "ChessBase"]
[SourceDate "2005.11.24"]
[SourceVersion "1"]
[SourceVersionDate "2005.11.24"]
[SourceQuality "1"]

1. d4 Nf6 2. c4 e6 3. Nf3 c5 4. g3 cxd4 5. Nxd4 d5 6. Bg2 e5 7. Nc2 $5 d4 8. f4
$5 Nc6 $1 (8... Bd6 9. fxe5 Bxe5 10. O-O $14) 9. Bxc6+ bxc6 10. fxe5 Qa5+ 11.
Qd2 Qxe5 12. Qxd4 Qh5 13. Qe3+ $1 Be6 14. b3 Bd6 $1 (14... Bc5 15. Qf3 $16) 15.
Ba3 (15. Nd4 O-O-O $1 {and if} 16. Nxe6 Rhe8 17. Nxg7 $2 Bxg3+ $1 18. Kf1 (18.
hxg3 Qxh1+ 19. Kf2 (19. Qg1 Qxg1#) 19... Ng4#) 18... Qh3+ 19. Kg1 Rd1#) 15...
Be5 16. Nc3 O-O-O $1 $36 {[#]} 17. Rd1 Ng4 $1 18. Rxd8+ Rxd8 19. Qf3 Qf5 $1 20.
Qxc6+ (20. Ne4 Nf6 $1 (20... Qxf3 21. exf3 Bf5 22. Ke2 Bxe4 23. fxe4 Bc3 $15))
20... Kb8 (20... Bc7 $2 21. Qa6+ Kb8 22. Qb5+ $16) 21. Qb5+ 1/2-1/2